Estudi de programació per l'adaptació del Castell de Barberà del Vallès, com a sub-seu del Centre d'Investigació de l'Institut de Paleontologia de Sabadell / Xavier Guitart Tarrés
Descripción Física:
9, [11] f., 27 f. de làm., 1 f. solt : principalment fot. col. ; 21 cm
MARC
| LEADER | 00000nam a2200000Ia 4500 | ||
|---|---|---|---|
| 001 | 18824 | ||
| 008 | 160829s2002 xx 000 0 cat d | ||
| 080 | |a FU-51-42 | ||
| 100 | |a Guitart Tarrés, Xavier |9 44100 | ||
| 245 | |a Estudi de programació per l'adaptació del Castell de Barberà del Vallès, com a sub-seu del Centre d'Investigació de l'Institut de Paleontologia de Sabadell / Xavier Guitart Tarrés | ||
| 260 | |a Barcelona : |b Diputació de Barcelona. Servei de Projectes, Obres i Manteniment, |c 2002 | ||
| 300 | |a 9, [11] f., 27 f. de làm., 1 f. solt : |b principalment fot. col. ; |c 21 cm | ||
| 650 | |a Castell de Barberà del Vallès |9 44101 | ||
| 650 | |a Institut Paleontològic Dr. M. Crusafont. Centre d'Investigació |9 44102 | ||
| 650 | |a Castells |x Manteniment i reparació |9 44103 | ||
| 901 | |a Arxiu | ||
| 942 | |n 1 | ||
| 952 | |0 0 |1 0 |4 0 |6 FU5142 |7 1 |9 51796 |a Arxiu |b Arxiu |d 2016-12-01 |l 0 |o FU-51-42 |p 18824 |r 2016-12-01 00:00:00 |w 2016-12-01 |y ARXIU | ||
| 999 | |c 55642 |d 55642 | ||